[Event "Gijon RGCC op 7th"]
[Site "Gijon"]
[Date "2023.08.09"]
[Round "7"]
[White "Morato Tent, Francisco"]
[Black "Arias Torio, Sergio"]
[Result "0-1"]
[WhiteElo "1966"]
[BlackElo "2067"]
[PlyCount "68"]
[EventDate "2023.08.05"]
[EventType "swiss"]
[EventRounds "9"]
[EventCountry "ESP"]
[SourceTitle "EXT 2024"]
[Source "ChessBase"]
[SourceDate "2023.10.10"]
[SourceVersion "1"]
[SourceVersionDate "2023.10.10"]
[SourceQuality "1"]

1. e4 e5 2. Nf3 Nc6 3. Bc4 Bc5 4. c3 Nf6 5. d4 exd4 6. e5 d5 7. Bb5 Ne4 8. cxd4 Bb4+ 9. Bd2 Nxd2 10. Nbxd2 0-0 11. Bxc6 bxc6 12. Qa4 Rb8 13. 0-0 c5 14. dxc5 Bxc5 15. Qc6 Bb6 16. b4 Qe7 17. a4 Bb7 18. Qc3 d4 19. Qc4 a5 20. bxa5 Bxa5 21. Qxd4 Rfd8 22. Qf4 Bd5 23. Rab1 Rxb1 24. Rxb1 Qa3 25. h3 h6 26. Kh2 Bb6 27. Qh4 Ra8 28. Rb5 Bc6 29. Rb3 Qxa4 30. Rb4 Qa3 31. e6 fxe6 32. Ne5 Bxf2 33. Qxf2 Qxb4 34. Nxc6 Qd6+ 0-1

[Event "Braganca op 2nd"]
[Site "Braganca"]
[Date "2021.08.19"]
[Round "1"]
[White "Erigaisi, Arjun Kumar"]
[Black "Morato Tent, Francisco"]
[Result "1-0"]
[WhiteElo "2597"]
[BlackElo "1984"]
[PlyCount "83"]
[EventDate "2021.08.19"]
[EventType "swiss"]
[EventRounds "9"]
[EventCountry "POR"]
[SourceTitle "CBM 204 Extra"]
[Source "ChessBase"]
[SourceDate "2021.11.30"]
[SourceVersion "1"]
[SourceVersionDate "2021.11.30"]
[SourceQuality "1"]

1. c4 Nf6 2. Nc3 g6 3. e4 d6 4. d4 Bg7 5. Be2 0-0 6. Bg5 h6 7. Be3 e5 8. d5 a5 9. g4 Ne8 10. Qd2 Kh7 11. 0-0-0 Na6 12. h4 b6 13. Nh3 Nc5 14. Rdg1 Bd7 15. Bd1 a4 16. Bc2 Qc8 17. Qe2 Qa6 18. h5 Qa5 19. hxg6+ fxg6 20. Bd2 a3 21. b4 Qxb4 22. Nd1 Nb3+ 23. Bxb3 Qc5 24. Qe3 Ba4 25. Qxc5 bxc5 26. Nc3 Bd7 27. f3 Kg8 28. Rg3 g5 29. Nf2 Nf6 30. Nfd1 Rfb8 31. Kc2 Be8 32. Ne3 Bg6 33. Nf5 Bxf5 34. exf5 Nd7 35. Ne4 Kf7 36. Rgh3 Nf6 37. Nxf6 Kxf6 38. Rb1 Rb6 39. Rhh1 c6 40. dxc6 Rxc6 41. Bc3 Rc7 42. Kd2 1-0

[Event "Mislata op 50th"]
[Site "Mislata"]
[Date "2016.08.11"]
[Round "5"]
[White "Morato Tent, Francisco"]
[Black "Moronta Furio, Diego"]
[Result "1-0"]
[WhiteElo "2041"]
[BlackElo "1839"]
[PlyCount "100"]
[EventDate "2016.08.08"]
[EventType "swiss"]
[EventRounds "9"]
[EventCountry "ESP"]
[SourceTitle "EXT 2017"]
[Source "ChessBase"]
[SourceDate "2016.10.25"]
[SourceVersion "1"]
[SourceVersionDate "2016.10.25"]
[SourceQuality "1"]

1. e4 c5 2. Nc3 Nc6 3. f4 g6 4. Nf3 Bg7 5. Bc4 e6 6. 0-0 Nge7 7. Qe2 a6 8. a4 Nd4 9. Nxd4 cxd4 10. Nd1 d5 11. exd5 Nxd5 12. d3 0-0 13. Nf2 Ne3 14. Bxe3 dxe3 15. Nd1 Bd7 16. c3 Bc6 17. Nxe3 Qd7 18. a5 b5 19. axb6 Qb7 20. d4 a5 21. Bb5 Qxb6 22. Bxc6 Qxc6 23. Ng4 Rfb8 24. Ne5 Qb7 25. Rf2 Qc7 26. g4 Re8 27. Re1 a4 28. Qc2 Bf6 29. Ra1 Bh4 30. Re2 Qa7 31. g5 Qb7 32. Qd3 Qc7 33. Qe4 a3 34. Rxa3 Rxa3 35. bxa3 f6 36. Nf3 fxg5 37. fxg5 Qxc3 38. Nxh4 Qc1+ 39. Re1 Qxg5+ 40. Ng2 Qa5 41. d5 e5 42. Re3 Qc5 43. Ne1 Kg7 44. Nf3 Qc1+ 45. Kg2 Qb2+ 46. Re2 Qxa3 47. Ng5 Qe7 48. Ne6+ Kg8 49. Qxe5 Qb7 50. Rc2 Qb4 1-0

[Event "Mislata op 50th"]
[Site "Mislata"]
[Date "2016.08.10"]
[Round "4"]
[White "Gonzalez Aguirre, Luis"]
[Black "Morato Tent, Francisco"]
[Result "1-0"]
[WhiteElo "2046"]
[BlackElo "2041"]
[PlyCount "101"]
[EventDate "2016.08.08"]
[EventType "swiss"]
[EventRounds "9"]
[EventCountry "ESP"]
[SourceTitle "EXT 2017"]
[Source "ChessBase"]
[SourceDate "2016.10.25"]
[SourceVersion "1"]
[SourceVersionDate "2016.10.25"]
[SourceQuality "1"]

1. c4 e5 2. g3 Bc5 3. Bg2 Nc6 4. Nc3 d6 5. e3 Nge7 6. Nge2 0-0 7. a3 a5 8. 0-0 Bg4 9. h3 Bh5 10. d3 f5 11. Qc2 Kh8 12. Nd5 Bxe2 13. Qxe2 Nxd5 14. cxd5 Ne7 15. Bd2 a4 16. Bc3 Bb6 17. Kh2 Qd7 18. Rae1 Rae8 19. f4 Ng6 20. Qh5 Qf7 21. h4 exf4 22. exf4 Kg8 23. Re6 Rxe6 24. dxe6 Qxe6 25. Re1 Qf7 26. Bxb7 c5 27. Qf3 Ne7 28. Qe2 Bd8 29. d4 cxd4 30. Bxd4 Ba5 31. Rd1 Kh8 32. Qb5 Ng8 33. Bg2 Qc7 34. Qxa4 Nh6 35. Qc6 Ng4+ 36. Kh3 Qe7 37. Bg1 Be1 38. Qxd6 Qxd6 39. Rxd6 h6 40. Bd4 Rc8 41. Bc6 Kg8 42. b4 Kf7 43. b5 Ba5 44. Rd7+ Ke6 45. Kg2 g5 46. fxg5 hxg5 47. h5 Nh6 48. Bg7 Nf7 49. h6 Rg8 50. Rxf7 Kxf7 51. Bd5+ 1-0

[Event "Valencia Autonomico Center"]
[Site "Valencia"]
[Date "2004.02.07"]
[Round "4.2"]
[White "Gonzalvez Garcia, Pablo"]
[Black "Morato Tent, Francisco"]
[Result "1-0"]
[WhiteElo "1994"]
[BlackElo "2120"]
[PlyCount "127"]
[EventDate "2004.01.17"]
[EventType "team"]
[EventRounds "4"]
[EventCountry "ESP"]
[SourceTitle "CBM 098 Extra"]
[Source "ChessBase"]
[SourceDate "2004.03.10"]
[SourceVersion "2"]
[SourceVersionDate "2004.03.10"]
[SourceQuality "1"]

1. c4 e5 2. g3 Nf6 3. Bg2 Bc5 4. Nf3 d6 5. Nc3 a6 6. 0-0 Nc6 7. a3 h6 8. b4 Bb6 9. d3 0-0 10. Qb3 Be6 11. a4 a5 12. b5 Ne7 13. Qc2 Nh7 14. Ba3 f5 15. c5 Ba7 16. b6 Bb8 17. Nb5 dxc5 18. bxc7 Bxc7 19. Nxc7 Qxc7 20. Qxc5 Nc6 21. Qd6 Qxd6 22. Bxd6 e4 23. dxe4 fxe4 24. Nd2 Rfe8 25. Nxe4 Rad8 26. Bf4 Bd5 27. Nc3 Bxg2 28. Kxg2 g5 29. Be3 Nb4 30. Rac1 Nf6 31. Bb6 Ra8 32. e3 Ra6 33. Bd4 Nd7 34. Nb5 Rc6 35. Rcd1 Nf8 36. Rd2 Ne6 37. Bb2 Nc5 38. Rfd1 Nxa4 39. Ba1 Nb6 40. Rd6 Nc4 41. Rd7 Nc2 42. Rxb7 N2xe3+ 43. fxe3 Nxe3+ 44. Kh3 Nxd1 45. Rd7 Ne3 46. g4 Rc2 47. Nd6 Rf2 48. Kg3 Rf4 49. Nxe8 Nf1+ 50. Kg2 Ne3+ 51. Kg3 Nf1+ 52. Kh3 Ne3 53. Kg3 Nf1+ 54. Kh3 Ne3 55. Nf6+ Kf8 56. Nh5 Rf3+ 57. Ng3 Nc2 58. Bg7+ Ke8 59. Ra7 Ra3 60. Bxh6 a4 61. Bxg5 Ra2 62. Be7 a3 63. Nf5 Kf7 64. Bxa3+ 1-0

[Event "Valencia Autonomico Center"]
[Site "Valencia"]
[Date "2004.01.24"]
[Round "2.2"]
[White "Morato Tent, Francisco"]
[Black "Sanchez Moreno, Luis"]
[Result "0-1"]
[WhiteElo "2120"]
[BlackElo "2128"]
[PlyCount "124"]
[EventDate "2004.01.17"]
[EventType "team"]
[EventRounds "4"]
[EventCountry "ESP"]
[SourceTitle "CBM 098 Extra"]
[Source "ChessBase"]
[SourceDate "2004.03.10"]
[SourceVersion "2"]
[SourceVersionDate "2004.03.10"]
[SourceQuality "1"]

1. e4 d5 2. exd5 Nf6 3. d4 Nxd5 4. c4 Nb6 5. Be3 g6 6. Nc3 Bg7 7. Nf3 0-0 8. Be2 Nc6 9. 0-0 Bg4 10. d5 Bxf3 11. Bxf3 Ne5 12. Bxb6 axb6 13. Be2 e6 14. f4 Nd7 15. dxe6 fxe6 16. Bg4 Nc5 17. Qe2 Qd4+ 18. Kh1 Rxf4 19. Rxf4 Qxf4 20. Bxe6+ Nxe6 21. Qxe6+ Qf7 22. Qe2 Re8 23. Qd3 Qf2 24. Ne4 Qd4 25. Qxd4 Bxd4 26. Ng3 Bxb2 27. Rd1 Bc3 28. Kg1 Re1+ 29. Rxe1 Bxe1 30. Ne4 Bh4 31. Kf1 Kf7 32. Ke2 Ke6 33. c5 b5 34. Kd3 Kd5 35. g4 h6 36. h3 b4 37. Ke3 Bg5+ 38. Kd3 Be7 39. Ng3 Bxc5 40. Ne2 Bd6 41. h4 c5 42. h5 g5 43. Ke3 c4 44. Kf3 Bb8 45. Ke3 Ba7+ 46. Kf3 c3 47. Nc1 Kd4 48. Ke2 Kc4 49. Nb3 Bb6 50. Nc1 Bc7 51. Nd3 b3 52. axb3+ Kxb3 53. Nc5+ Kb2 54. Na4+ Kc2 55. Nc5 b5 56. Nd3 Bd6 57. Ne1+ Kb2 58. Kd3 b4 59. Nc2 b3 60. Ne3 c2 61. Nc4+ Kb1 62. Nd2+ Ka2 0-1